Towns of Ulster County, NY - Statistics

General Stats
  • This quiz has been taken 23 times
  • The average score is 13 of 20
Answer Stats
Answer % Correct
Kingston
100%
Saugerties
91%
Ulster
91%
New Paltz
82%
Shandaken
82%
Woodstock
73%
Denning
64%
Hurley
64%
Lloyd
64%
Wawarsing
64%
Esopus
55%
Gardiner
55%
Marlborough
55%
Olive
55%
Plattekill
55%
Rochester
55%
Shawangunk
55%
Hardenburgh
45%
Marbletown
45%
Rosendale
45%
No matching quizzes found
Score Distribution
Percent of People with Each Score
Percentile by Number Answered
Your Score History
You have not taken this quiz